| 000 | 00801nam a22002177a 4500 | ||
|---|---|---|---|
| 999 |
_c4101 _d4101 |
||
| 003 | AR-CdUCM | ||
| 008 | 190307b ||||| |||| 00| 0 spa d | ||
| 040 |
_aMUNICIPALIDAD PROVINCIAL DEL CUSCO _cBIBLIOTECA MUNICIPAL DEL CUSCO |
||
| 082 |
_a190.9 / _bR81 |
||
| 100 |
_aRomero, Francisco _910711 |
||
| 245 | _aHistoria de la filosofía moderna / | ||
| 260 |
_aMéxico : _bFondo de Cultura Económica, _c1959. |
||
| 300 |
_a366 páginas ; _c16.5 cm. |
||
| 505 | _aContenido: La filosofía del renacimiento -- La filosofía del siglo XVII -- La filosofía de la ilustración ... | ||
| 650 |
_aHistoria de la Filosofía _97367 |
||
| 650 |
_aFilosofía moderna _913004 |
||
| 650 |
_aFilosofía renacentista _96876 |
||
| 650 |
_aFilosofía del siglo XX _913005 |
||
| 942 |
_2ddc _cLIBROS |
||
| 945 | _alccs | ||